| 000 | 00702nam 22001933 4500 | ||
|---|---|---|---|
| 001 | 197891 | ||
| 010 | _a85-352-0676-0 | ||
| 090 | _a197891 | ||
| 100 | _a20250916d u||y0pory50 ba | ||
| 200 |
_aO livro das idéias _eum dicionário de teorias, conceitos, crenças, e pensadores que formam nossa visão do mundo _fChris Rohmann _gtradução Jussara Simões |
||
| 210 |
_aRio de Janeiro _cCampus _d2000 |
||
| 215 |
_a468 p. _cbrochado _d23 cm |
||
| 606 |
_913781 _aObras gerais de referência _xEnciclopédias, dicionários, léxicos, glossários |
||
| 675 |
_a030 _vBR _zpor |
||
| 700 |
_913928 _aRohmann _bChris |
||
| 702 |
_913929 _aSimões _bJussara |
||
| 801 |
_aPT _bBMMN _gRPC |
||
| 830 | _cVanda | ||
| 990 | _cLIVROS | ||